000
00365nam a2200133Ia 4500
008
231129s1976||||xx |||||||||||||| ||spa||
020
_a
84-7057-203-2
040
_b
spa
082
_a
291.42 E96e
245
0
_a
Exegesis y hermeneutica
260
_c
1976
264
_a
Madrid EspaƱa : Ediciones Cristiandad
942
_2
ddc
_c
BKS
999
_c
13776
_d
13776